Logo BPK

Biblioteka

Politechniki Koszalińskiej

Wybór tekstów technicznych dla wydziałów budowy / (Rekord nr 18893)

Szczegóły MARC
000 -ETYKIETA REKORDU
podpole kontrolne o stałej długości 00381nam a2200145 i 4500
001 - NUMER KONTROLNY REKORDU
pole kontrolne bg
040 ## - ŹRÓDŁO KATALOGOWANIA
Instytucja, która utworzyła rekord BPK
041 ## - KOD JĘZYKA
Kod języka tekstu pol
008 - POLE O STAŁEJ DŁUGOŚCI - DANE KONTROLNE
podpole kontrolne o stałej długości s pl f |000 0 pol
100 1# - NAZWA OSOBOWA
Nazwa osobowa STECZKO, Ewa
245 #0 - TYTUŁ/ODPOWIEDZIALNOŚĆ
Tytuł Wybór tekstów technicznych dla wydziałów budowy /
Pozostałe elementy strefy tytułu i oznaczenia odpowiedzialności E. Steczko, A. Tkaczyńske.
260 ## - STREFA ADRESU WYDAWNICZEGO
Miejsce wydania Częstochowa,
Data publikacji, dystrybucji/powstania dokumentu 1979.
700 1# - HASŁO DODATKOWE - NAZWA OSOBOWA
Nazwa osobowa TKACZYŃSKA, Anna
856 ## - LOKALIZACJA I DOSTĘP DO ELEKTRONICZNYCH DOKUMENTÓW ZDALNYCH
Link (URL) http://koha.tu.koszalin.pl/cgi-bin/koha/opac-detail.pl?biblionumber=18893
Tekst linku Katalog online BPK
942 ## - DODATKOWE ELEMENTY (KOHA)
Typ dokumentu Książka
Egzemplarze
Wycofany Status egzemplarza Uszkodzony Dostępność Lokalizacja stała Lokalizacja bieżąca Miejsce przechowywania Sygnatura Kod kreskowy Typ dokumentu
      Dostępny Biblioteka Politechniki Koszalińskiej Biblioteka Politechniki Koszalińskiej Wypożyczalnia BG 26457 01099577 Książka
© 2023 Biblioteka Politechniki Koszalińskiej :: KOHA